Регионална библиотека "Любен Каравелов" - Русе

Концерти за флейта и пиано (Запис номер 349965)

MARC детайли
000 -Лидер
Контролно поле с фиксирана дължина 01246ncm a2200349 c 4500
003 - Код на организацията, давaща контролен номер
Контролно поле BLK
005 - Дата и час на последна редакция
Контролно поле 20200330160159.0
008 - Елементи от данни с фиксирана дължина
fixed length control field 180414b bul |a|er|||| |0| c|bulo|
010 ## - Наследен системен номер
LC control number NOT00001460000
040 ## - Източник на каталожния запис
Идентификатор на билиотеката - собственик на записа BLK
041 ## - Код за език
Код за езика на текст/звукозапис или на отделно заглавие Български
Код за езика КДБФ Български
080 ## - УДК
Текстов определител УДК Дуо флейта и пиано
УДК код - определител по УДК 785.72:788.5:786.2
УДК - код + определител 785.72:788.5:786.2
080 ## - УДК
Текстов определител УДК Флейта
УДК код - определител по УДК 788.5
УДК - код + определител 788.5
139 ## - Редно поле
Редна дума Концерти за флейта и пиано
Авторски знак Конф - К 84
245 10 - Сведения за заглавието
Заглавие Концерти за флейта и пиано
Редно поле (дума) Състав. Венцислав Киндалов.
254 ## - Сведения за формата на нотното издание
Формат на описваните ноти Клавир
257 ## - Страна на издаване
Страна на създаване/издаване България
260 ## - Област на издателските данни
Име на издателя, разпространителя и проч. Наука и изкуство
Година на издаване 1984
Място на издаване, разпространение и проч. София
300 ## - Физическа характеристика
Страници 76 с.
Размери/Мащаб 33 см
380 ## - Жанр
Жанр Изкуство
505 ## - Форматирана забележка
Авторската отговорност Мишел Блаве.
Заглавие Концерт, ла минор
505 ## - Форматирана забележка
Авторската отговорност Луиджи Бокерини.
Заглавие Концерт, оп. 27, ре мажор
505 ## - Форматирана забележка
Авторската отговорност Франсоа Дьовиен.
Заглавие Концерт №7, ми минор
650 #0 - Допълнително описание по предмет – тема
Основно описание – тема или топоним Флейта - концерти, концертини
9 (RLIN) 353950
650 #4 - Допълнително описание по предмет – тема
Основно описание – тема или топоним Дуо - дървени духови и пиано
9 (RLIN) 362273
653 ## - Ключова дума – ненормативна
Ключова дума флейта
653 #7 - Ключова дума – ненормативна
Ключова дума концерти
9 (RLIN) 189133
700 ## - Други автори (авторска отговорност)
9 (RLIN) 362790
Лично име Киндалов, Венцислав
Автороска отговорност (Описва отношението между автора и произведението) състав.
852 ## - Местоположение
Форматна сигнатура Цб М ІІ 9328
Част 0
856 4# - Електронен адрес и достъп
Електронен формат pdf - файл
Път до файла /url/
856 4# - Електронен адрес и достъп
Електронен формат pdf - файл
Път до файла /url/
999 ## - СИСТЕМНИ КОНТРОЛНИ НОМЕРА
Koha biblionumber 349965
Koha biblioitemnumber 349965
942 ## - АРТИКУЛИ
Вид на библиотечния материал Нотни издания
Скрит в OPAC Не
Периодичен библиозапис Да
944 ## - СЪЗДАВАНЕ И РЕДАКЦИЯ на ЗАПИСА
Създаване/Редакция Създаване
Дата на регистрацията/редакция 22.11.2005
Служител, извършил регистрацията/редакцията Ирена_Линкова
944 ## - СЪЗДАВАНЕ И РЕДАКЦИЯ на ЗАПИСА
Създаване/Редакция Редакция
Дата на регистрацията/редакция 07.03.2007
999 ## - СИСТЕМНИ КОНТРОЛНИ НОМЕРА
Koha biblioitemnumber 349965
999 ## - СИСТЕМНИ КОНТРОЛНИ НОМЕРА
Koha biblioitemnumber 349965
999 ## - СИСТЕМНИ КОНТРОЛНИ НОМЕРА
Koha biblioitemnumber 302639
Наличности
Код за отписване Код за изгубен артикул Източник на класификационната схема Код за повреда Коз за рестрикции Код за отдаване Артикулен № Име на библиотеката - собственик Име на библиотеката, в която се намира в момента Статус (Текущо местоположение) Дата на вписване в системата Местоположение - отдел Цена в лева Инвентарен номер Систематично азбучна сигнатура Баркод Цена в евро Служебен тип на артикула
  Не е изгубен Universal Decimal Classification Не е повреден без рестрикции заемане за дома 757743 Регионална библиотека "Любен Каравелов" Русе Регионална библиотека "Любен Каравелов" Русе Отдел Изкуство - подръчен фонд 2020-04-02 Отдел Изкуство - подръчен фонд 6.14 424156 788/К 84 120000424156 3.14 Нотни издания
  Не е изгубен Universal Decimal Classification Не е повреден само за читалня ползва се в читалня 775677 Регионална библиотека "Любен Каравелов" Русе Регионална библиотека "Любен Каравелов" Русе Хранилище 2020-06-11 Хранилище 6.14 402342 Цб М II 9328 900000019476 3.14 Нотни издания
Vip Innovations Ltd, Rousse, Bulgaria 2025